Lataa...

Morphological studies in the family palmae /

Bibliografiset tiedot
Päätekijä: Renuka, C
Aineistotyyppi: Ph.D Thesis
Kieli:English
Julkaistu: 1981.
Aiheet:
LEADER 00643nam a2200169Ia 4500
008 151104b xxu||||| m||| 00| 0 eng d
082 |a 584.5044, 
100 |a Renuka, C 
245 |a Morphological studies in the family palmae /  |c by Renuka, C 
260 |c 1981. 
502 |a Thesis (Ph.D.)-- Department of Botany, University of Calicut, 1981. 
504 |a Includes bibliographical references. 
653 |a Botany 
796 |a Manilal, K. S.  |b Thesis advisor.  |c Dr. 
942 |c TH 
999 |c 110039  |d 110039 
952 |0 0  |1 0  |4 0  |6 584_000000000000000_5044_REN_M  |7 0  |9 114477  |a UL  |b UL  |c REF  |d 2015-11-09  |l 0  |o 584.5044, REN/M  |p NB494  |r 2015-11-09  |w 2015-11-09  |y TH  |z 907